000
00296nam a22001337a 4500
008
170310b xxu||||| |||| 00| 0 eng d
020
_a
2801560534749
041
_a
eng
080
_2
2ND
_a
616-002.77
100
_a
7
101
_a
SHM
245
_a
RHEUMATOLOGY SECRETS
_c
WEST. S
942
_2
udc
_c
BK
999
_c
7451
_d
7451